00460 2200169 4500245003900000020001800039250001100057100002000068650001600088005001900104260002800123041001400151084000800165300001500173500009300188336000900281 aJejak HujancHary B. Kori'unhText a979-759-398-3 aCet. 1 aHary B. Kori'un aNovel Fiksi a20231005083019 aJakartabGrasindoc2006 aIndonesia a813 a149 hlm. : akarena aku tak mau menghianati apa yang selama ini kupertahankan. aku memilih masa lalu. atext